| 000 | 01683cam a22004574i 4500 | ||
|---|---|---|---|
| 003 | PE-LiUPU | ||
| 005 | 20250731172745.0 | ||
| 008 | 150617s r 000 0 d | ||
| 020 | _a0802822614 | ||
| 035 | _a(Sirsi) i9780802822611 | ||
| 040 |
_aPE-LiUPU _bspa _cPE-LiUPU _erda |
||
| 049 | _aPRUA | ||
| 082 | 0 | 4 |
_a225.07 _bT _221 |
| 100 | 1 |
_aMartin, Ralph P., _eautor. |
|
| 245 | 1 | 4 |
_aThe Epistle of Paul to the Philippians / _cUna introducción y comentario por Ralph P. Martin |
| 264 | 1 |
_aMichigan : _bW. B. Eerdmans Publishing Company, _c1981. |
|
| 300 |
_a186 páginas ; _c19 centímetros. |
||
| 336 |
_atext _2rdacontent |
||
| 337 |
_aunmediated _2rdamedia |
||
| 338 |
_avolume _2rdacarrier |
||
| 490 | 0 |
_a(Tyndale New Testament Commentaries ; _v11) |
|
| 500 | _aEn cubierta: “A concise, workable tool for laymen, teachers and ministers” | ||
| 505 | 0 | _aAddress and salutation -- Paul's thanksgiving and confidence -- An apostolic prayer -- Paul's great ambition and Joy -- Exhortacion and example -- Future plans -- The great digression -- Encouragements, apreciations, greetings. | |
| 526 | _aSEG42 | ||
| 526 | _aSEG41 | ||
| 526 | _aSEG40 | ||
| 526 | _aSEG39 | ||
| 526 | _aP94 | ||
| 526 | _aP87 | ||
| 526 | _aP86 | ||
| 526 | _aP85 | ||
| 526 | _aP77 | ||
| 526 | _aP76 | ||
| 526 | _aP35 | ||
| 630 | 0 |
_aBiblia. _pFilipenses _xCrítica, interpretación, etc. _91656 |
|
| 910 | _ajck | ||
| 942 |
_2ddc _cBK |
||
| 949 |
_a225.07 T 11 _wDEWEY _c1 _i21828 _lCCODEBUL1 _mBUL _r0 _sY _tBOOK _u2015-6-17 _xTEOLOGIA _0COMPRA _o.STAFF. Colección general |
||
| 999 |
_c2444 _d2444 |
||
| 980 |
_81 _gALBERTO SANCHEZ Responsable de Automatización |
||